书目信息 |
| 题名: |
游泳
|
|
| 作者: | 张瑞林 总主编 ;王红 , 温禹 主编 | |
| 分册: | ||
| 出版信息: | 北京 高等教育出版社 2005.08 |
|
| 页数: | 213页 | |
| 开本: | 23cm | |
| 丛书名: | ||
| 单 册: | ||
| 中图分类: | G861.1-43 | |
| 科图分类: | ||
| 主题词: | 游泳--you yong--高等学校--教材 | |
| 电子资源: | ||
| ISBN: | 7-04-018354-4 | |
| 000 | 01072nam0 2200289 450 | |
| 001 | 012006484984 | |
| 005 | 20060926161449.00 | |
| 010 | @a7-04-018354-4@dCNY15.80 | |
| 100 | @a20060727d2005 km y0chiy0120 ea | |
| 101 | 0 | @achi |
| 102 | @aCN@b110000 | |
| 105 | @aa a 000yy | |
| 200 | 1 | @a游泳@Ayou yong@f张瑞林总主编@Fzhang rui lin zong zhu bian@g王红, 温禹主编@Gwang hong,wen yu zhu bian |
| 210 | @a北京@c高等教育出版社@d2005.08 | |
| 215 | @a213页@c图@d23cm | |
| 300 | @a“高等教育百门精品课程教材建设计划”立项项目 | |
| 312 | @a英文题名取自封面 | |
| 320 | @a有书目 (第213页)。 | |
| 330 | @a本书设十章,分别为:体育与健康、游泳运动与身体健康、游泳运动与心理健康、游泳运动与社会适应能力、游泳运动的发展演变、游泳运动基本技术与练习方法、实用游泳技术与练习方法、水上生存能力培养等。 | |
| 333 | @a高等学校教材 | |
| 606 | 0 | @a游泳@Ayou yong@x高等学校@j教材 |
| 690 | @aG861.1-43@v4 | |
| 701 | 0 | @a张瑞林@Azhang rui lin@4总主编 |
| 702 | 0 | @a王红@Awang hong@4主编 |
| 702 | 0 | @a温禹@Awen yu@4主编 |
| 801 | 0 | @aCN@c20060926 |
| 905 | @a10447@dG861.1-43@eZ153 | |
| 游泳/张瑞林总主编/王红, 温禹主编.-北京:高等教育出版社,2005.08 |
| 213页:图;23cm |
| “高等教育百门精品课程教材建设计划”立项项目.-使用对象:高等学校教材 |
| ISBN 7-04-018354-4:CNY15.80 |
| 本书设十章,分别为:体育与健康、游泳运动与身体健康、游泳运动与心理健康、游泳运动与社会适应能力、游泳运动的发展演变、游泳运动基本技术与练习方法、实用游泳技术与练习方法、水上生存能力培养等。 |
| ● |
| 相关链接 |
|
|
|
正题名:游泳
索取号:G861.1-43/Z153
 
预约/预借
| 序号 | 登录号 | 条形码 | 馆藏地/架位号 | 状态 | 备注 |
| 1 | 596904 | 205969040 | 社科库409/409社科库 26排3列5层/ [索取号:G861.1-43/Z153] | 在馆 | |
| 2 | 596905 | 205969059 | 社科库409/409社科库 26排3列5层/ [索取号:G861.1-43/Z153] | 在馆 | |
| 3 | 596906 | 205969068 | 社科库409/409社科库 26排3列5层/ [索取号:G861.1-43/Z153] | 在馆 |